| 000 | 00763cam a2200241 a 4500 | ||
|---|---|---|---|
| 008 | |||
| 020 | _a09088307454 (pbk.) | ||
| 049 | _aMAIN | ||
| 090 |
_aTK7868.A79 _bAGH |
||
| 100 | 1 | _aAghdasi, Farhad. | |
| 245 | 1 | 0 |
_aSelf-clocked asynchronous controllers / _cFarhad Aghdasi. |
| 260 |
_aHarare : _bUniversity of Zimbabwe Publications, _cc1996. |
||
| 300 |
_axii, 109 p. : _bill. ; _c21 cm. |
||
| 504 | _aIncludes bibliographical references. | ||
| 650 | 0 | _aElectronic controllers. | |
| 650 | 0 | _aAsynchronous circuits. | |
| 650 | 0 |
_aTiming circuits _xDesign and construction. |
|
| 907 |
_a.b10067346 _b22-01-07 _c17-04-03 |
||
| 003 | |||
| 005 | 20230123134335.0 | ||
| 040 | _cNUST | ||
| 942 |
_cBOOKS _kTK7868.A79 _mAGH |
||
| 999 |
_c164216 _d164216 |
||